[Event "Skalica op-B"]
[Site "Skalica"]
[Date "2023.08.27"]
[Round "9"]
[White "Tkac, Miroslav"]
[Black "Vogl, Zdenek"]
[Result "0-1"]
[WhiteElo "1680"]
[BlackElo "1834"]
[PlyCount "52"]
[EventDate "2023.08.19"]
[EventType "swiss"]
[EventRounds "9"]
[EventCountry "SVK"]
[SourceTitle "CBM 215 Extra"]
[Source "ChessBase"]
[SourceDate "2023.09.30"]
[SourceVersion "1"]
[SourceVersionDate "2023.09.30"]
[SourceQuality "1"]

1. d4 Nf6 2. Nf3 d5 3. Bf4 Bf5 4. e3 e6 5. Nbd2 Bd6 6. Ne5 0-0 7. h3 Ne4 8. g4 Bg6 9. h4 f6 10. Nxg6 hxg6 11. Nxe4 dxe4 12. Bc4 Qe7 13. c3 Kh7 14. Qb3 e5 15. dxe5 Bxe5 16. Qxb7 Nd7 17. h5 Nc5 18. hxg6+ Kxg6 19. Qb5 Rab8 20. Qa5 Rxb2 21. Bxe5 fxe5 22. Rf1 Qh4 23. Be2 Nd3+ 24. Bxd3 Rfxf2 25. Bxe4+ Rf5+ 26. Kd1 Qd8+ 0-1

[Event "SVK-chT2D 2122"]
[Site "Slovakia"]
[Date "2022.05.01"]
[Round "11.6"]
[White "Tkac, Miroslav"]
[Black "Pandula, Blazej"]
[Result "1-0"]
[WhiteElo "1682"]
[BlackElo "1590"]
[PlyCount "65"]
[EventDate "2021.10.16"]
[EventType "team-tourn"]
[EventRounds "11"]
[EventCountry "SVK"]
[SourceTitle "EXT 2023"]
[Source "ChessBase"]
[SourceDate "2022.10.05"]
[SourceVersion "1"]
[SourceVersionDate "2022.10.05"]
[SourceQuality "1"]
[WhiteTeam "Presov Slavia PU"]
[BlackTeam "Kosice Slavia TU IV"]
[WhiteTeamCountry "SVK"]
[BlackTeamCountry "SVK"]

1. d4 d5 2. Bf4 e6 3. e3 c5 4. c3 c4 5. Nf3 Nf6 6. Ne5 b5 7. Nd2 Bd6 8. Bg3 Qc7 9. Ndf3 Ne4 10. Ng4 f6 11. Bxd6 Qxd6 12. h3 h5 13. Ngh2 g5 14. Nd2 f5 15. Nhf3 Rg8 16. Ne5 g4 17. hxg4 hxg4 18. Nxe4 dxe4 19. a4 Nd7 20. axb5 Nxe5 21. dxe5 Qxe5 22. Bxc4 Bd7 23. b6 a5 24. Rh7 Bc6 25. Qb3 Rb8 26. Bxe6 Rh8 27. Bf7+ Kd8 28. Rd1+ Bd7 29. Rxh8+ Qxh8 30. Qd5 Ke7 31. Qxd7+ Kf6 32. Rd6+ Kg7 33. Bh5+ 1-0

[Event "SVK-chT2D 2122"]
[Site "Slovakia"]
[Date "2022.04.30"]
[Round "10.5"]
[White "Tkac, Miroslav"]
[Black "Pristas, Viliam"]
[Result "1-0"]
[WhiteElo "1682"]
[BlackElo "1166"]
[PlyCount "41"]
[EventDate "2021.10.16"]
[EventType "team-tourn"]
[EventRounds "11"]
[EventCountry "SVK"]
[SourceTitle "EXT 2023"]
[Source "ChessBase"]
[SourceDate "2022.10.05"]
[SourceVersion "1"]
[SourceVersionDate "2022.10.05"]
[SourceQuality "1"]
[WhiteTeam "Presov Slavia PU"]
[BlackTeam "Kosice Slavia UPJS III"]
[WhiteTeamCountry "SVK"]
[BlackTeamCountry "SVK"]

1. d4 d5 2. Bf4 Nc6 3. e3 a6 4. Nf3 e6 5. c3 Nf6 6. Bd3 Be7 7. Nbd2 Nh5 8. Bg3 Bf6 9. Ne5 Nxg3 10. Nxc6 bxc6 11. hxg3 Qe7 12. f4 g6 13. Nb3 a5 14. Qc2 Bd7 15. e4 dxe4 16. Bxe4 a4 17. Nc5 a3 18. b3 Rb8 19. 0-0-0 Bc8 20. Bxc6+ Kf8 21. g4 1-0

[Event "SVK-chT2D 2122"]
[Site "Slovakia"]
[Date "2022.03.26"]
[Round "8.4"]
[White "Tkac, Miroslav"]
[Black "Heinrich, Jan"]
[Result "1/2-1/2"]
[WhiteElo "1682"]
[BlackElo "1880"]
[PlyCount "82"]
[EventDate "2021.10.16"]
[EventType "team-tourn"]
[EventRounds "11"]
[EventCountry "SVK"]
[SourceTitle "EXT 2023"]
[Source "ChessBase"]
[SourceDate "2022.10.05"]
[SourceVersion "1"]
[SourceVersionDate "2022.10.05"]
[SourceQuality "1"]
[WhiteTeam "Presov Slavia PU"]
[BlackTeam "Moldava nad Bodvou"]
[WhiteTeamCountry "SVK"]
[BlackTeamCountry "SVK"]

1. d4 Nf6 2. Bf4 d5 3. e3 e6 4. Nf3 Bd6 5. Ne5 0-0 6. Bd3 c5 7. c3 Nc6 8. Nd2 cxd4 9. exd4 Qe7 10. Ndf3 Ne4 11. Qe2 f5 12. h4 a5 13. Bb5 Bd7 14. Ng5 Nxe5 15. Bxe5 Bxb5 16. Qxb5 Bxe5 17. Nxe4 Bxd4 18. Ng5 Bf6 19. f4 d4 20. cxd4 Bxd4 21. 0-0-0 Be3+ 22. Kb1 Bxf4 23. Rd7 Qf6 24. Rxb7 Bxg5 25. hxg5 Qxg5 26. Qd7 Qf6 27. Qc6 Rfc8 28. Qd6 Rd8 29. Qc6 Rac8 30. Qb6 Qd4 31. Qxe6+ Kh8 32. Rxh7+ Kxh7 33. Qxf5+ Kh6 34. Qh3+ Kg5 35. Qg3+ Kf5 36. Qf3+ Ke5 37. Qh5+ Kd6 38. Qg6+ Qf6 39. Qd3+ Ke6 40. Rb6+ Ke7 41. Qe2+ Kf7 1/2-1/2

[Event "SVK-chT2D 1920"]
[Site "Slovakia"]
[Date "2020.02.15"]
[Round "8.8"]
[White "Tkac, Miroslav"]
[Black "Kopnicky, Frantisek"]
[Result "0-1"]
[WhiteElo "1696"]
[BlackElo "1841"]
[PlyCount "88"]
[EventDate "2019.10.26"]
[EventType "team-tourn"]
[EventRounds "11"]
[EventCountry "SVK"]
[SourceTitle "CBM 195 Extra"]
[Source "ChessBase"]
[SourceDate "2020.05.31"]
[SourceVersion "1"]
[SourceVersionDate "2020.05.31"]
[SourceQuality "1"]
[WhiteTeam "Presov Slavia PU"]
[BlackTeam "Poprad LS VD"]
[WhiteTeamCountry "SVK"]
[BlackTeamCountry "SVK"]

1. d4 d5 2. Bf4 Nf6 3. e3 e6 4. Bd3 Nbd7 5. Nf3 c5 6. c3 Be7 7. Nbd2 Nh5 8. Bg3 a6 9. Ne5 Nxg3 10. hxg3 Nxe5 11. dxe5 g6 12. f4 Qb6 13. Qb3 Qc6 14. Qc2 c4 15. Be2 Bc5 16. e4 b5 17. exd5 exd5 18. g4 Qb6 19. 0-0-0 Bb7 20. Bf3 Be3 21. f5 0-0-0 22. Kb1 Kb8 23. Rhe1 Rhe8 24. e6 fxe6 25. fxg6 hxg6 26. Qxg6 e5 27. Qf7 e4 28. Be2 Rf8 29. Qe7 Rde8 30. Qg7 Rg8 31. Qf7 Ref8 32. Qe7 Bf2 33. Rf1 Qe3 34. Nxc4 bxc4 35. Bxc4 dxc4 36. Rd7 Qb6 37. Rfd1 Bc5 38. Rxb7+ Qxb7 39. Qxc5 Rd8 40. Rf1 Qb5 41. Qe7 Rge8 42. Qg7 Rd2 43. b3 cxb3 44. c4 Qxc4 0-1

[Event "SVK-chT2D 1819"]
[Site "Slovakia"]
[Date "2019.02.03"]
[Round "7.5"]
[White "Panko, Eduard1111"]
[Black "Tkac, Miroslav"]
[Result "1-0"]
[WhiteElo "1951"]
[BlackElo "1777"]
[PlyCount "123"]
[EventDate "2018.10.13"]
[EventType "team-tourn"]
[EventRounds "11"]
[EventCountry "SVK"]
[SourceTitle "CBM 189 Extra"]
[Source "ChessBase"]
[SourceDate "2019.06.03"]
[SourceVersion "1"]
[SourceVersionDate "2019.06.03"]
[SourceQuality "1"]
[WhiteTeam "Stropkov/Svidnik"]
[BlackTeam "Presov Slavia PU"]
[WhiteTeamCountry "SVK"]
[BlackTeamCountry "SVK"]

1. f4 Nf6 2. Nf3 b6 3. b3 Bb7 4. e3 e6 5. Bb2 Be7 6. Be2 Na6 7. 0-0 Nc5 8. d3 d5 9. Ne5 Ncd7 10. Qe1 Nf8 11. Nd2 Ng6 12. Ndf3 Nxe5 13. Nxe5 Bf8 14. a4 Nd7 15. Bh5 Nxe5 16. fxe5 g6 17. Qf2 Qd7 18. Qf6 Rg8 19. Be2 Qe7 20. Qf4 a5 21. d4 Ba6 22. Bxa6 Rxa6 23. Rf2 c6 24. Ba3 Qd7 25. Bxf8 Kxf8 26. Qh6+ Rg7 27. Raf1 Kg8 28. h4 Ra7 29. Rf6 Qe8 30. R1f3 b5 31. Rg3 bxa4 32. bxa4 Rb7 33. h5 g5 34. Rxg5 Rxg5 35. Qxg5+ Kh8 36. Rf3 Qg8 37. Qf6+ Qg7 38. Qd8+ Qg8 39. Qxa5 h6 40. Qa6 Qc8 41. Kh2 Qc7 42. Rg3 Rb8 43. Qf1 Qd8 44. Qf4 Kh7 45. Qf6 Qf8 46. Rf3 Rb7 47. Qxe6 fxe6 48. Rxf8 Ra7 49. Rc8 Ra6 50. Rc7+ Kg8 51. Kg3 Rxa4 52. Rxc6 Kf7 53. Rc7+ Kg8 54. Kf4 Ra6 55. g4 Ra8 56. g5 Rf8+ 57. Kg4 hxg5 58. Kxg5 Rf2 59. Kg6 Rf8 60. h6 Kh8 61. h7 Rf7 62. Rc8+ 1-0

[Event "SVK-chT1E 1617"]
[Site "Slovakia"]
[Date "2016.11.19"]
[Round "3.7"]
[White "Trgina, Daniel"]
[Black "Tkac, Miroslav"]
[Result "1-0"]
[WhiteElo "2094"]
[BlackElo "1764"]
[PlyCount "85"]
[EventDate "2016.10.15"]
[EventType "team-tourn"]
[EventRounds "11"]
[EventCountry "SVK"]
[SourceTitle "EXT 2018"]
[Source "ChessBase"]
[SourceDate "2017.10.13"]
[SourceVersion "1"]
[SourceVersionDate "2017.10.13"]
[SourceQuality "1"]
[WhiteTeam "Banska Bystrica Junior"]
[BlackTeam "Presov Slavia PU"]
[WhiteTeamCountry "SVK"]
[BlackTeamCountry "SVK"]

1. d4 Nf6 2. c4 e6 3. Nf3 b6 4. a3 Bb7 5. Nc3 d6 6. Qc2 Nbd7 7. e4 e5 8. d5 Be7 9. Be2 0-0 10. 0-0 h6 11. Ne1 Nh7 12. Be3 Bg5 13. Nd1 Ndf6 14. Nf3 Bxe3 15. Nxe3 Bc8 16. b4 Nd7 17. h4 Nhf6 18. g3 a5 19. Nd2 g6 20. Nb3 axb4 21. axb4 Bb7 22. Rxa8 Bxa8 23. Ra1 Qb8 24. Bd3 Qb7 25. Ra3 Rb8 26. Kg2 Qc8 27. Ra7 Rb7 28. Ra1 Rb8 29. Rc1 c5 30. dxc6 Bxc6 31. Nd5 Qe8 32. Nd2 Rc8 33. Qd1 Kg7 34. Nf1 Rb8 35. Nfe3 Nf8 36. Ra1 Ne6 37. Ra7 b5 38. Nxf6 Kxf6 39. cxb5 Bxb5 40. Bxb5 Rxb5 41. Qxd6 Kg7 42. Nd5 Qc8 43. Qxe5+ 1-0